000 nam a22 7a 4500
999 _c10223
_d10223
008 180213b ||||| |||| 00| 0 eng d
100 _aSingh,G.P.
_96217
245 _aHistory of Mathematics
260 _aNew Delhi
_bAnmol
_c2008